| 000 -LEADER |
| fixed length control field |
00814nam a2200229Ia 4500 |
| 001 - CONTROL NUMBER |
| control field |
14154 |
| 003 - CONTROL NUMBER IDENTIFIER |
| control field |
GE_BSU |
| 008 - FIXED-LENGTH DATA ELEMENTS--GENERAL INFORMATION |
| fixed length control field |
181216s||||||||xx |||||||||||||| ||und|| |
| 040 ## - CATALOGING SOURCE |
| Transcribing agency |
GE_BSU |
| 080 ## - UNIVERSAL DECIMAL CLASSIFICATION NUMBER |
| Universal Decimal Classification number |
624.2/8(075.8) |
| 100 ## - MAIN ENTRY--PERSONAL NAME |
| Personal name |
Рассийский,В.А. Назаренко,Б.П. Словинский,Н.А. |
| 245 ## - TITLE STATEMENT |
| Title |
Примеры проектирования сборных железобетонных мостов. |
| 245 ## - TITLE STATEMENT |
| Remainder of title |
Учебное пособие. |
| 245 ## - TITLE STATEMENT |
| Statement of responsibility, etc. |
Под ред. В.А.Рассийского. |
| 250 ## - EDITION STATEMENT |
| Edition statement |
Изд. 2-е. |
| 260 ## - PUBLICATION, DISTRIBUTION, ETC. |
| Place of publication, distribution, etc. |
М. |
| 260 ## - PUBLICATION, DISTRIBUTION, ETC. |
| Name of publisher, distributor, etc. |
Высшая школа. |
| 260 ## - PUBLICATION, DISTRIBUTION, ETC. |
| Date of publication, distribution, etc. |
1970. |
| 300 ## - PHYSICAL DESCRIPTION |
| Extent |
520 стр. с илл. |
| 653 ## - INDEX TERM--UNCONTROLLED |
| Uncontrolled term |
Примеры проектирования сборных железобетонных мостов. |
| 942 ## - ADDED ENTRY ELEMENTS (KOHA) |
| Koha item type |
წიგნი |